00501nam a2200145Ia 4500008004100000040001800041041000800059100004000067245007600107260004600183300001800229650003100247651004100278651003600319130821s1985 ck gr spa  aCo-BoUCMbspa00aspa1 aLloreda Caicedo, Rodrigod1942-200003aLa nueva política internacional de ColombiacRodrigo Lloreda Caicedo. aBogotá (Colombia)bPrensa Modernac1985 a151 páginas04aRelaciones internacionales 7aColombiabRelaciones internacionales 7aColombiaxPolítica y gobierno